Quizzes
Events
Quiz Creation
Community
Videos
Private Events
Remove Ads
Sign In
Join for FREE
Feedback
Dark Mode
Quiz Categories
Sports
Geography
Music
Movies
Television
Just For Fun
Miscellaneous
History
Literature
Language
Science
Gaming
Entertainment
Religion
Holiday
For Kids
Quiz Lab
Recent
Popular Today
Quiz Kudos Today
Editor Picks
Curator Picks
Quizzes by...
Day
Popularity
Type
Ratings
Length
Year
Community
Subscriptions
Recent Discussions
Orange Saloon
Badges
Playlists
Quests
Create
Leaderboards
Showdown
Live 5
Trivia Bingo
Activity
Puzzle Library
Sporcle Events
Private Events
Virtual Trivia
Globe League
Become a Host
Pub Owners
SporcleCon
Opinionation
Our Games
Videos
Blog
Mobile Apps
Partnerships
Remove Ads and Go Orange
Feedback
Sports
Athletes
MLB
NBA
NHL
NFL
Soccer
Sports Teams
WWE
NCAA
Football
Premier League
Basketball
Baseball
Hockey
Golf
Tennis
Cricket
Rugby
Auto Racing
Olympics
World Cup
Sports
Athletes
MLB
NBA
NHL
NFL
Soccer
Sports Teams
WWE
NCAA
Football
Premier League
Basketball
Baseball
Hockey
Golf
Tennis
Cricket
Rugby
Auto Racing
Olympics
World Cup
Random Quiz
Search Sporcle
×
Quiz Lab
Quiz Lab
Sports
Sporcle
Type in answers that appear in a list
Type in answers that appear in a list
Classic
Best Score? Go Orange.
MLB: Most Career Home Runs vs. LHPs Stats
Can you name the MLB players who hit the most career home runs against left-handed pitchers?
By
alexandjeremy
8m
30 Questions
3,302 Plays
3,302 Plays
3,302 Plays
Comments
Comments
Give Quiz Kudos
Give Quiz Kudos
-
- Ratings
hide this ad
More Info
Replay
Link that replays current quiz
Next Quiz
Link to next quiz in quiz playlist
You Got
0%
They Got
Avg Score
80%
Avg Friend Score
Upgrade to see
Score Distribution
Jump to the score distribution portion of the page
Score
0/30
Timer
08:00
0
Plays Today
Primary Team
Player
% Correct
SFG 1986-
2007
Barry Bonds
98.7%
NYY 1914-
1935
Babe Ruth
98.5%
ATL 1954-
1976
Hank Aaron
97.5%
SFG 1951-
1973
Willie Mays
95.6%
SEA 1989-
2010
Ken Griffey Jr
95.6%
NYY 1951-
1968
Mickey Mantle
93.2%
STL 2001-
pres
Albert Pujols
92.2%
NYY 1994-
pres
Alex Rodriguez
91.3%
OAK 1986-
2001
Mark McGwire
90.6%
CWS 1990-
2008
Frank Thomas
90.4%
OAK 1967-
1987
Reggie Jackson
89.7%
CHC 1989-
2007
Sammy Sosa
89.3%
STL 1941-
1963
Stan Musial
88.8%
NYY 1923-
1939
Lou Gehrig
88.7%
PHI 1972-
1989
Mike Schmidt
88.5%
Primary Team
Player
% Correct
MIN 1954-
1975
Harmon Killebrew
86.6%
CHC 1953-
1971
Ernie Banks
84.2%
BOS 1993-
2011
Manny Ramirez
83.4%
OAK 1985-
2001
Jose Canseco
83.3%
CIN 1956-
1976
Frank Robinson
82.4%
TEX 1986-
2005
Rafael Palmeiro
80.5%
BAL 1977-
1997
Eddie Murray
78.2%
MON 1976-
1996
Andre Dawson
74.2%
SFG 1987-
2003
Matt Williams
69%
NYY 1973-
1995
Dave Winfield
66.7%
CIN 1969-
1986
George Foster
63.7%
WSH 1958-
1973
Frank Howard
54.9%
NYM 1971-
1986
Dave Kingman
52.6%
PHI 1963-
1977
Dick Allen
43.9%
MON 1985-
2004
Andres Galarraga
34.2%
Quiz Playlist
Details
Report
Send in Message
Add To Playlist
More Info:
Primary team means Team that player played most games with
Classic:
Type in answers that appear in a list
Quiz Source
Last Updated: Jun 16, 2017
Quiz Scoreboard
CHALLENGE
Sign Up to Join the Scoreboard
Show All
Scores
Hide
Comments
May contain spoilers
Recently Published
TV Characters by Other Roles V
by ghcgh
Television
5m
Decade Duel: World Leaders
by jenniferyan
History
4m
Alphabetical 'K' Countries by Flag Minefield
by ylime102
Geography
3m
More to Explore
Quiz From the Vault
Featured Blog Post
15 Basketball Trivia Facts You Can Be March Mad About
hide this ad
You Might Also Like...
Tags
Baseball Quiz
MLB Quiz
Sporcle Quiz
30-30
Babe Ruth
Hall of Fame
Home Runs
New York Yankees
rbi
RBI Leaders
Run Scorers
Top 100
Today's Top Quizzes in Sports
Browse Sports
hide this ad
Today's Top Quizzes in Sporcle
Browse Sporcle
Top Contributed Quizzes in Sports
1
MLB 2 truths and a lie: Hall of Fame pitchers
2
Les joueurs à 100 buts en Ligue 1 Uber Eats
3
2022 World Cup Stars
4
Pick 6: NFL Teams
5
Pick 6: Minor League Baseball
6
Millionaire: NBA Finals Edition
7
50+ Goals in European Competition
8
Click the 1998 NBA Draft
9
Pick 6: Olympics
10
Iconic Moments in Football - Multiple Choice
Explore More
Trending Topics
Kpop
Anime
Crossword
Disney
NBA
Marvel
Harry Potter
The Office
Soccer
Song
Country
NFL
Puzzle
WWE
Pokémon
hide this ad
More By:
alexandjeremy
Quiz
Plays
Rating
Category
Featured
Created
MLB 2013: Active Players & 3000 Hits
15,911
4.25
Sports
Mar 4, 2013
MLB 2013: 20 Home Runs
10,764
4.90
Sports
Sep 29, 2013
MLB 2014: 20 Home Runs
9,122
4.84
Sports
Sep 30, 2014
MLB 2013: Players that Bill James thinks will hit 30 HR
7,956
4.11
Sports
Feb 20, 2013
MLB Top 50: Most Runs in a Single Season (Since 1900)
7,316
4.67
Sports
Feb 8, 2013
Go to Creator's Profile
Score Distribution
Quiz Creator Spotlight
alexandjeremy
Follow
Send a Message
Quizzes Created
-
Created Quiz Play Count
-
More By This Creator
Popular Quizzes Today
1
Countries of Asia Without Outlines Minefield
2
Find the US States - No Outlines Minefield
3
Pick 6: Fruits
4
The Countries of the World
5
Find the Countries of Europe - No Outlines Minefield
6
Alphabetical 'K' Countries by Flag Minefield
7
Find the US States
8
US States
More Sports Quizzes
Men's Div I Basketball (2000s)
Published
Trending Quizzes
Pick 6: Mountains
Pick 6: Harry Potter
Pick 6: NFL Teams
Pick 6: Flags
C Names for Actors
Recently Updated
Adaptations: Name the Title
pecheneg
NWSL Teams
pecheneg
Women's Final Four Teams by Year
bhenderson79
Presidents Quartet II
eogle
Anything But Clue(do)
eogle
Anything But Oceanian Capitals
eogle
Anything But 7
eogle
Anything But Thing
eogle
Word Ladder: February 29
pecheneg
Song Title Questions
pecheneg
Trending Topics
Harry Potter
Kpop
Disney
Anime
Marvel
NBA
Crossword
NFL
Country
Song
Pokémon
WWE
Soccer
Puzzle
The Office
Your Account Isn't Verified!
In order to create a playlist on Sporcle, you need to verify the email address you used during registration. Go to your
Sporcle Settings
to finish the process.
Report this User
Report this user for behavior that violates our
Community Guidelines
.
Details:
Send Report
Go to the Sporcle.com Mobile Site →
Comments